000 00470nam a2200205Ia 4500
008 240510s9999 xx 000 0 und d
020 _a0000672305461
041 _aEng
082 _a005.117
082 _bS81
100 _aSWAN, T
245 0 _aTOM SWAN'S MASTERING BORLAND C++ 4.5
250 _a2nd ed.
260 _bINDIANA : SAMS
260 _c1995
300 _a1461 p.
650 _aC++ : OBJECT ORIENTED PROGRAMMING
942 _2ddc
942 _cRBK
999 _c27120
_d27120
945 _a1
_bMadushi Gamage
_c1
_dMadushi Gamage